1426 1164 1212 1424 1609 1676 1885 1151 1761 1538 1024 1866 1197 1562 1863 1992 1573 1435 1801 1163 1915 1467 1062 1319 1937 1473 1638 1293 1399 1897 1816 1550 1044 1174 1845 1255 1176 1560 1340 1062 1737 1237 1874 1210 1385 1534 1995 1590 1069 1884 1101 1674 1861 1517 1113 1477 1114 1224 1244 1261 1541 1830 1880 1574 1184 1864 1596 1565 1772 1658 1661 1735 1850 1764 1394 1724 1821 1470 1974 1649 1501 1444 1050 1555 1090 1708 1348 1527 1402 1292 1316 1732 1569 1837 1244 1700 2000 1844 1152 BCNSPRNW ULIB Ver.6.0+V

เปลี่ยนเป็นภาษาไทย

Change to English
 แสดงรายละเอียดบรรณานุกรม
  กลับหน้าหลัก

Brief Record : Get Marc (ISO 2709) : E-mail record : QR code < ปิดหน้าต่าง
LEADER : 00000nam 2200000uu 4500
001    13399111727
003     ULIB
008    110707s2546||||th 000 0 tha d
020    9747383381
020    9789747383386
050 04 GR312^bพ459จ 2546
100 0  พลูหลวง
245 10 7 ความเชื่อของไทย (คติสยาม) /^cพลูหลวง
246 30 คติสยาม
250    พิมพ์ครั้งที่ 2
260    กรุงเทพฯ :^bเมืองโบราณ,^c2546
300    127 หน้า :^bภาพประกอบ ;^c21 ซม
505 0  พระสยามเทวาธิราช -- สาระจากคัมภีร์พิชัยสงคราม -- เขาพระสุเมรุ --ธาตุและทิศ -- วันทั้งเจ็ด -- ขวากับซ้าย -- รัตนชาติ
650  7 โชคลาง
650  7 ความเชื่อ
650  7 คติชาวบ้าน
650  7 โหราศาสตร์
700 0  ประยูร อุลุชาฏะ,^d2471-2544
945    ^p120^l0^i015995
995    ทศพร
999 ^a ใช้งานได้ทุกระบบ
รายการนี้ยังไม่มีแท็ก
คุณยังไม่ได้ล็อกอิน คุณสามารถมีกิจกรรมร่วมกับเว็บไซต์ได้ แต่ต้องล็อกอินก่อน ::
  ล็อกอิน

รายการสื่อสารสนเทศ

ลำดับที่ ประเภท เลขเรียก/บาร์โค้ด สถานที่ สถานะ
- ไม่พบข้อมูล -

รายการใกล้เคียง
    หัวเรื่อง [ความเชื่อ]
    หัวเรื่อง [คติชาวบ้าน]
    หัวเรื่อง [โหราศาสตร์]

BibComment


ยังไม่เคยถูกคอมเมนท์

คอมเมนท์ทรัพยากรรายการนี้
  คอมเมนท์: 7 ความเชื่อของไทย..


 Copyright 2026. Bcnsprnw @Library